Historia de la cooperativa obrera 1920-1980; actualizada a 1987 /
Guardado en:
| Autor Principal: | |
|---|---|
| Formato: | Libro |
| Publicado: |
Argentina :
Cooperativa Obrera Ltda. de Consumo y Vivienda,
1988
|
| Materias: | |
| Etiquetas: |
Agregar Etiqueta
Sin Etiquetas, Sea el primero en etiquetar este registro!
|
| LEADER | 00945nam a22001815a 4500 | ||
|---|---|---|---|
| 001 | CEM.cems003895 | ||
| 005 | 19000101000000.0 | ||
| 008 | 130507s1988##################000#0#####d | ||
| 003 | CEMS | ||
| 082 | 0 | 4 | |a 334.5 |
| 100 | 1 | |a Lopez De Pagani, Clelia | |
| 245 | 1 | 0 | |a Historia de la cooperativa obrera 1920-1980; actualizada a 1987 / |
| 260 | |a Argentina : |b Cooperativa Obrera Ltda. de Consumo y Vivienda, |c 1988 | ||
| 300 | |a 215 p. | ||
| 505 | 0 | |a La necesidad de planificacion; La compilacion del plan en la URSS; La compilacion del plan en China; La planificacion en la agricultura: Colectivismo, Modelo Maoista, Modelo coersitivo; La planificacion de la inversion; De la mano de obra; Del ingreso; Del consumo; Del comercio experior; Los resultados de la planificacion socialista; BIBLIOGRAFIA: pp.300-313 | |
| 653 | |a Cooperativa obrera-bahia blanc | ||
| 653 | |a Cooperativa obrera-historia | ||
| 859 | |a CEMS |b BIB. CEMS - 11 de abril |h 334.5 |i L881 |p 15400.89 |t Ej.1 | ||
